Presselandschaft in Estland

Titel: Presselandschaft in Estland
Verfasser:
In: Mitteilungen aus baltischem Leben, Band 34 [recte: 42], Heft 1 (173) (1995), Seite 15-16
alle Artikel anzeigen
Veröffentlicht: 1995 [1996]
Format: Aufsatz
Sprache: Deutsch
Kein Bild verfügbar
X
alg: 39292379
001A    $01999:11-11-16 
001B    $06050:21-01-26 $t15:57:02.000 
001C    $06050:19-11-16 $t09:18:41.000 
001D    $01999:11-11-16 
001U    $0utf8 
001X    $00 
002@    $0Aox 
003@    $0392923793 
007A    $0392923793 $aHEB 
007T    $0Herde14299 
010@    $ager 
011@    $a1995 $n1995 [1996] 
021A    $aPresselandschaft in Estland 
028A    $aPaet $dUrmas 
031A    $d34 [recte: 42] $e1 (173) $h15-16 $j1995 
039B    $aIn $8--Abvc--. Mitteilungen aus baltischem Leben. - Darmstadt : Dt.-Baltische Ges., 1961-. - ISSN 0026-6833 $x199500000340001985 $9047862173 
045F    $a020.94798 $eDDC23BSB 
045F/01 $a020 
045F/03 $g4798 
045T    $a7,44 
045T    $aOST $qDE-12 $2FID 

lok: 39292379 78

exp: 39292379 78 1 #EPN
201B/01 $019-04-17 $t11:41:44.000 
201U/01 $0utf8 
203@/01 $0789034050 
208@/01 $a11-11-16 $be 
209A/01 $a/ $f000 $x00 
220C/01 $aTitelaufnehmer: pk 
220C/01 $aHerkunft: Baltische Bibliographie / P. Kaegbein 
237A/01 $aweiterführende Signatur(en): HI: 66 
244Z/01 $2Trx $#Estija $#Igaunija $#Estland $#Estonia $#Estonia $#Estónsko $#Estonsko $8--Trx--Eesti $x01 $9391237225 
244Z/01 $2Trx $#ajalehed $#spauda $#Print media $#sajtó $#prasa $#tlač $#tisk $#Zeitungen $#press $#gazety $8--Trx--Presse $x02 $9391383264 
244Z/01 $2Trx $8--Trx--Zeitschriftenaufsatz $x03 $9391384341 
245Z/01 $a11.06 $x01 
247C/01 $82080>Marburg/Lahn, Herder-Institut, Forschungsbibliothek, Bibliographieportal $9336309341
LEADER 00000caa a22000002c 4500
001 392923793
003 DE-603
005 20260121155702.0
007 tu
008 161111s1995 xx |||| | u00||u|ger c
035 |a (DE-599)HEB392923793 
040 |a DE-603  |b ger  |c DE-603  |d DE-603 
041 |a ger 
082 0 4 |8 1\u  |a 020.94798  |q DE-101  |2 23/BSB 
084 |a 7,44  |2 ssgn 
084 |a OST  |q DE-12  |2 fid 
085 |8 1\u  |b 020 
085 |8 1\u  |z 2  |s 4798 
100 1 |a Paet, Urmas 
245 0 0 |a Presselandschaft in Estland 
264 0 |c 1995 [1996] 
773 0 8 |i In  |t Mitteilungen aus baltischem Leben  |d Darmstadt : Dt.-Baltische Ges., 1961-  |h 30 cm  |x 0026-6833  |g Band 34 [recte: 42], Heft 1 (173) (1995), Seite 15-16  |w (DE-603)047862173  |w (DE-600)557583-7 
924 0 |9 2080  |a (DE-603)789034050  |b DE-2080  |c HES  |d d  |g /